| 000 | 00773nam a22002297a 4500 | ||
|---|---|---|---|
| 999 |
_c3708 _d3708 |
||
| 003 | AR-CdUCM | ||
| 008 | 190307b ||||| |||| 00| 0 spa d | ||
| 040 |
_aMUNICIPALIDAD PROVINCIAL DEL CUSCO _cBIBLIOTECA MUNICIPAL DEL CUSCO |
||
| 082 |
_a891.74 / _bK29 |
||
| 100 |
_aKaznacheev, Aleksandr _912022 |
||
| 245 |
_aDentro de una Embajada Soviética : _bMemorias de un Diplomático Ruso en Birmania / |
||
| 260 |
_aMéxico : _bNovaro-México ; _c1964. |
||
| 300 |
_a286 páginas ; _c17cm |
||
| 440 |
_aColección Nova-Mex _n236 _912023 |
||
| 505 | _aContenido: Novela | ||
| 650 |
_aNovela biográfica _912024 |
||
| 650 |
_aNovela rusa _912025 |
||
| 650 |
_aLiteratura siglo XX _91173 |
||
| 700 |
_aSilva, José (traducción) _912026 |
||
| 942 |
_2ddc _cLIBROS |
||
| 945 | _anom | ||